<?xml version="1.0" encoding="UTF-8"?>
<record
    xmlns:xsi="http://www.w3.org/2001/XMLSchema-instance"
    xsi:schemaLocation="http://www.loc.gov/MARC21/slim http://www.loc.gov/standards/marcxml/schema/MARC21slim.xsd"
    xmlns="http://www.loc.gov/MARC21/slim">

  <leader>00970nam a22001697a 4500</leader>
  <controlfield tag="003">SGT</controlfield>
  <datafield tag="020" ind1=" " ind2=" ">
    <subfield code="a">9788131726990</subfield>
  </datafield>
  <datafield tag="082" ind1=" " ind2=" ">
    <subfield code="a">620.1</subfield>
  </datafield>
  <datafield tag="100" ind1=" " ind2=" ">
    <subfield code="a">HIBBELER R.C.</subfield>
  </datafield>
  <datafield tag="245" ind1=" " ind2=" ">
    <subfield code="a">ENGINEERING MECHANICS STATICS &amp; DYNAMICS </subfield>
  </datafield>
  <datafield tag="250" ind1=" " ind2=" ">
    <subfield code="a">11TH</subfield>
  </datafield>
  <datafield tag="260" ind1=" " ind2=" ">
    <subfield code="a">NEW DELHI </subfield>
    <subfield code="b">PEARSON </subfield>
    <subfield code="c">2010</subfield>
  </datafield>
  <datafield tag="300" ind1=" " ind2=" ">
    <subfield code="a">838</subfield>
  </datafield>
  <datafield tag="650" ind1=" " ind2=" ">
    <subfield code="a">ENGINEERING &amp; ALLIED OPERATIONS </subfield>
  </datafield>
  <datafield tag="653" ind1=" " ind2=" ">
    <subfield code="a">GENERAL PRINCIPLES, FORCE VECTORS, EQUILIBRIUM OF A PARTICLE, FORCE SYSTEM RESULTANTS, EQUILIBRIUM OF A RIGID BODY, STRUCTURAL ANALYSIS, INTERNAL FORCES, FRICTION, CENTER OF GRAVITY AND CENTROID, MOMENTS OF INERTIA, VIRTUAL WORK, KINEMATICS OF A PARTICLE, KINETICS OF A PARTICLE: FORCE AND ACCELERATION, KINETICS OF A PARTICLE: WORK AND ENERGY, KINETICS OF A PARTICLE: IMPULSE AND MOMENTUM, PLANAR KINEMATICS OF A RIGID BODY, PLANAR KINETICS OF A RIGID BODY: FORCE AND ACCELERATION, PLANAR KINETICS OF A RIGID BODY: WORK AND ENERGY, PLANAR KINETICS OF A RIGID BODY: IMPULSE AND MOMENTUM</subfield>
  </datafield>
  <datafield tag="942" ind1=" " ind2=" ">
    <subfield code="2">ddc</subfield>
    <subfield code="c">FPS</subfield>
  </datafield>
  <datafield tag="952" ind1=" " ind2=" ">
    <subfield code="0">0</subfield>
    <subfield code="1">0</subfield>
    <subfield code="2">ddc</subfield>
    <subfield code="4">0</subfield>
    <subfield code="7">1</subfield>
    <subfield code="8">FS</subfield>
    <subfield code="a">SSSL</subfield>
    <subfield code="b">SSSL</subfield>
    <subfield code="c">REF</subfield>
    <subfield code="d">2016-07-01</subfield>
    <subfield code="e">AHUJA BOOKS</subfield>
    <subfield code="g">789.00</subfield>
    <subfield code="i">SGTU</subfield>
    <subfield code="o">620.1</subfield>
    <subfield code="p">PS1482</subfield>
    <subfield code="r">2016-07-01 00:00:00</subfield>
    <subfield code="w">2016-03-03</subfield>
    <subfield code="y">FPS</subfield>
    <subfield code="k">6680</subfield>
  </datafield>
  <datafield tag="952" ind1=" " ind2=" ">
    <subfield code="0">0</subfield>
    <subfield code="1">0</subfield>
    <subfield code="2">ddc</subfield>
    <subfield code="4">0</subfield>
    <subfield code="7">0</subfield>
    <subfield code="8">FS</subfield>
    <subfield code="a">SSSL</subfield>
    <subfield code="b">SSSL</subfield>
    <subfield code="c">TXT</subfield>
    <subfield code="d">2016-09-03</subfield>
    <subfield code="e">AHUJA BOOK</subfield>
    <subfield code="g">829.00</subfield>
    <subfield code="i">SGTU</subfield>
    <subfield code="l">0</subfield>
    <subfield code="o">620.1</subfield>
    <subfield code="p">PS2380</subfield>
    <subfield code="r">2016-09-03 00:00:00</subfield>
    <subfield code="w">2016-08-16</subfield>
    <subfield code="y">FPS</subfield>
    <subfield code="k">7161</subfield>
  </datafield>
  <datafield tag="952" ind1=" " ind2=" ">
    <subfield code="0">0</subfield>
    <subfield code="1">0</subfield>
    <subfield code="2">ddc</subfield>
    <subfield code="4">0</subfield>
    <subfield code="7">0</subfield>
    <subfield code="8">FS</subfield>
    <subfield code="a">SSSL</subfield>
    <subfield code="b">SSSL</subfield>
    <subfield code="c">TXT</subfield>
    <subfield code="d">2016-09-03</subfield>
    <subfield code="e">AHUJA BOOK</subfield>
    <subfield code="g">829.00</subfield>
    <subfield code="i">SGTU</subfield>
    <subfield code="l">0</subfield>
    <subfield code="o">620.1</subfield>
    <subfield code="p">PS2381</subfield>
    <subfield code="r">2016-09-03 00:00:00</subfield>
    <subfield code="w">2016-08-16</subfield>
    <subfield code="y">FPS</subfield>
    <subfield code="k">7161</subfield>
  </datafield>
  <datafield tag="952" ind1=" " ind2=" ">
    <subfield code="0">0</subfield>
    <subfield code="1">0</subfield>
    <subfield code="2">ddc</subfield>
    <subfield code="4">0</subfield>
    <subfield code="7">0</subfield>
    <subfield code="8">FS</subfield>
    <subfield code="a">SSSL</subfield>
    <subfield code="b">SSSL</subfield>
    <subfield code="c">TXT</subfield>
    <subfield code="d">2016-09-03</subfield>
    <subfield code="e">AHUJA BOOK</subfield>
    <subfield code="g">829.00</subfield>
    <subfield code="i">SGTU</subfield>
    <subfield code="l">0</subfield>
    <subfield code="o">620.1</subfield>
    <subfield code="p">PS2382</subfield>
    <subfield code="r">2016-09-03 00:00:00</subfield>
    <subfield code="w">2016-08-16</subfield>
    <subfield code="y">FPS</subfield>
    <subfield code="k">7161</subfield>
  </datafield>
  <datafield tag="999" ind1=" " ind2=" ">
    <subfield code="c">9421</subfield>
    <subfield code="d">9421</subfield>
  </datafield>
</record>
